[Event "Titled Tuesday intern op 11th Feb Early"]
[Site "Chess.com INT"]
[Date "2025.02.11"]
[Round "4"]
[White "Dicen, Elis Denele"]
[Black "Bressy, Theo"]
[Result "1-0"]
[WhiteElo "2129"]
[BlackElo "2191"]
[PlyCount "63"]
[EventDate "2025.02.11"]
[EventType "swiss (blitz)"]
[EventRounds "11"]
[EventCountry "USA"]
[SourceTitle "CB08_2025"]
[SourceDate "2025.02.19"]
[SourceVersion "1"]
[SourceVersionDate "2025.02.19"]
[SourceQuality "1"]

1. d4 d5 2. Nf3 Nf6 3. c4 c6 4. Nc3 dxc4 5. a4 Bf5 6. Nh4 e6 7. Nxf5 exf5 8. e3 Bb4 9. Bxc4 0-0 10. 0-0 Nbd7 11. Bd2 Nb6 12. Bd3 f4 13. a5 Nbd5 14. e4 Ne7 15. e5 Nfd5 16. Ne4 Bxd2 17. Qxd2 f6 18. Nc5 Qc8 19. e6 Re8 20. Qe2 b6 21. Nd7 Ng6 22. Qg4 Qc7 23. axb6 axb6 24. Rxa8 Rxa8 25. Bxg6 hxg6 26. Qxg6 Qd6 27. Qf7+ Kh8 28. Qh5+ Kg8 29. Qf7+ Kh8 30. Nxb6 Qe7 31. Qxe7 Nxe7 32. Nxa8 1-0

[Event "Titled Tuesday intern op 11th Feb Early"]
[Site "Chess.com INT"]
[Date "2025.02.11"]
[Round "8"]
[White "Dicen, Elis Denele"]
[Black "Ishvi, Aggarwal"]
[Result "0-1"]
[WhiteElo "2129"]
[BlackElo "1954"]
[PlyCount "110"]
[EventDate "2025.02.11"]
[EventType "swiss (blitz)"]
[EventRounds "11"]
[EventCountry "USA"]
[SourceTitle "CB08_2025"]
[SourceDate "2025.02.19"]
[SourceVersion "1"]
[SourceVersionDate "2025.02.19"]
[SourceQuality "1"]

1. d4 Nf6 2. c4 c5 3. d5 b5 4. cxb5 a6 5. bxa6 d6 6. Nc3 g6 7. g3 Bg7 8. Bg2 0-0 9. Nf3 Bxa6 10. 0-0 Qa5 11. Re1 Nbd7 12. Bd2 Ng4 13. Qc2 Rfb8 14. b3 c4 15. h3 Nge5 16. Nd4 cxb3 17. axb3 Qb6 18. Be3 Nc5 19. Reb1 Qb4 20. Na2 Qb7 21. b4 Ncd7 22. b5 Rc8 23. bxa6 Qxa6 24. Nc6 Nxc6 25. dxc6 Bxa1 26. Rxa1 Ne5 27. Qb2 Nc4 28. Qd4 e5 29. Qd3 Rxc6 30. Bh6 Nb2 31. Qxa6 Rcxa6 32. Bxa8 Rxa8 33. Kg2 Nc4 34. Be3 Nxe3+ 35. fxe3 f5 36. Kf3 Kf7 37. e4 Ra3+ 38. e3 Ke6 39. exf5+ gxf5 40. Ke2 d5 41. Kd2 e4 42. Kc2 Rxe3 43. Nc3 Rxg3 44. Ra6+ Ke5 45. Rh6 Rg2+ 46. Kd1 d4 47. Ne2 d3 48. Nc3 Kd4 49. Nb5+ Ke3 50. Kc1 Rg1+ 51. Kb2 d2 52. Nd6 d1Q 53. Nxf5+ Kf4 54. Rxh7 Qd2+ 55. Ka3 Kxf5 0-1